000 00849nam a2200253Ia 4500
003 OSt
005 20221005104219.0
006 a|||||r|||| 00| 0
007 ta
008 221004b |||||||| |||| 00| 0 hin d
024 _a107565
037 _cTextual
040 _aCRL
_cCRL
_bhin
041 _2hin
_ahin
082 _aO152,6x, N0
100 _aगुप्त, सुरेशचन्द्र, संपा.
245 0 _aआस्था के क्षितिज
246 _aĀsthā ke kṣhitija
260 _aदिल्ली
_bपराग प्रकाशन भारत
_c1990
300 _a93पृ0
_ccm.
650 _aहिन्दी साहित्य
942 _hO152,6x, N0
_cTEXL
_2cc
999 _c1012046
_d1012046